| 000 | 00736pam a2200241 a 4500 | ||
|---|---|---|---|
| 001 | 952762 | ||
| 003 | BD-DhUL | ||
| 005 | 20161103152853.0 | ||
| 008 | 841022s1985 miu 001 0 eng | ||
| 020 | _a0810320932 | ||
| 040 |
_aDLC _cDLC _dDLC _dBD-DhUL |
||
| 082 | 0 | 0 |
_a016.80802 _bALW |
| 245 | 0 | 4 |
_aThe Writer's advisor / _ccompiled by Leland G. Alkire, Jr. ; Cheryl I. Westerman, associate editor. |
| 250 | _a1st ed. | ||
| 260 |
_aDetroit, Mich. : _bGale Research, _cc1985. |
||
| 300 |
_axv, 452 p. ; _c23 cm. |
||
| 500 | _aIncludes indexes. | ||
| 650 | 0 |
_aAuthorship _xBibliography. |
|
| 700 | 1 | _aAlkire, Leland G. | |
| 700 | 1 | _aWesterman, Cheryl I. | |
| 906 |
_a7 _bcbc _corignew _d1 _eocip _f19 _gy-gencatlg |
||
| 942 |
_2ddc _cBK |
||
| 999 |
_c119633 _d119633 |
||